[Event "ITA-chT"]
[Site "Arvier"]
[Date "2008.05.01"]
[Round "1.3"]
[White "Brunello, Sabino"]
[Black "Caposciutti, Maurizio"]
[Result "1-0"]
[WhiteElo "2475"]
[BlackElo "2313"]
[PlyCount "95"]
[EventDate "2008.05.01"]
[EventType "team"]
[EventRounds "7"]
[EventCountry "ITA"]
[SourceTitle "CBM 124 Extra"]
[Source "ChessBase"]
[SourceDate "2008.07.03"]
[SourceVersion "1"]
[SourceVersionDate "2008.07.03"]
[SourceQuality "1"]

1. d4 Nf6 2. Bg5 Ne4 3. Bf4 d5 4. Nd2 Bf5 5. Nxe4 Bxe4 6. f3 Bg6 7. h4 h6 8. e3 e6 9. h5 Bh7 10. Bd3 Bxd3 11. Qxd3 c6 12. Ne2 Bd6 13. 0-0-0 Bxf4 14. exf4 Nd7 15. Kb1 Qf6 16. g4 0-0-0 17. Qe3 Rhe8 18. Nc1 Qe7 19. Nd3 f6 20. Rhe1 Qd6 21. Re2 a6 22. Rde1 Re7 23. g5 Rde8 24. gxh6 gxh6 25. f5 e5 26. Qxh6 e4 27. Nf4 exf3 28. Rxe7 Rxe7 29. Ne6 Kb8 30. Qe3 Nf8 31. Qxf3 Nxe6 32. fxe6 Rxe6 33. Rh1 Qe7 34. Qg3+ Ka7 35. h6 Qh7 36. Qg7 Qe4 37. Rc1 Re7 38. Qxf6 Rh7 39. a4 Qe3 40. Rh1 Qe4 41. Qh4 Qg6 42. a5 Qe6 43. Qf4 Qe7 44. b3 Qb4 45. Qf6 Qxa5 46. Qg7 Rxg7 47. hxg7 Qd8 48. Rh8 1-0

[Event "Correggio op 1st"]
[Site "Correggio"]
[Date "2007.12.09"]
[Round "5"]
[White "Caposciutti, Maurizio"]
[Black "Lucchi, Lorenzo"]
[Result "1-0"]
[WhiteElo "2301"]
[BlackElo "2003"]
[PlyCount "139"]
[EventDate "2007.12.07"]
[EventType "swiss"]
[EventRounds "6"]
[EventCountry "ITA"]
[SourceTitle "EXT 2010"]
[Source "ChessBase"]
[SourceDate "2010.11.25"]
[SourceVersion "1"]
[SourceVersionDate "2010.11.25"]
[SourceQuality "1"]

1. e4 d6 2. d4 Nf6 3. Nc3 e5 4. Nf3 Nbd7 5. Bc4 Nb6 6. Bb3 exd4 7. Qxd4 Be6 8. Bxe6 fxe6 9. e5 dxe5 10. Qxe5 Qd6 11. Qe2 0-0-0 12. 0-0 Qd7 13. Ne5 Qe8 14. Ne4 Nbd7 15. Bf4 Nxe5 16. Bxe5 Nxe4 17. Qxe4 Qg6 18. Qc4 Bd6 19. Rae1 Bxe5 20. Rxe5 Rd6 21. Rfe1 Rhd8 22. g3 Rc6 23. Rc5 Rxc5 24. Qxc5 a6 25. c3 Rd6 26. a4 Qf5 27. Qe3 Kd7 28. h4 Rd3 29. Qe2 Rd5 30. Qe3 Rd3 31. Qe2 Rd6 32. Kg2 Qd5+ 33. Qf3 Kc6 34. Re4 Kd7 35. Qf7+ Kc6 36. Qf3 Kd7 37. b4 Qd3 38. Re3 Qd1 39. Qf7+ Kc6 40. Qxg7 Qd4 41. Kg1 Qd1+ 42. Kg2 Qd5+ 43. Kh2 Qf5 44. Re2 Qf3 45. Qe5 Kd7 46. Qg7+ Kc8 47. Qg8+ Rd8 48. Qxe6+ Kb8 49. Qe3 Qc6 50. a5 Rf8 51. Qe5 Qh6 52. Kg2 Qc6+ 53. Kh2 Qh6 54. Qe4 Qg7 55. c4 Qc3 56. c5 Rd8 57. c6 bxc6 58. Rc2 Qg7 59. Qxc6 Rd6 60. Qe8+ Kb7 61. Qe4+ c6 62. Re2 Qc7 63. Qe5 h6 64. Qc5 Rd7 65. Re6 h5 66. b5 axb5 67. a6+ Kb8 68. Rxc6 Qd8 69. Rb6+ Ka8 70. Qc6+ 1-0

[Event "ITA-chT"]
[Site "Palermo"]
[Date "2007.04.20"]
[Round "2"]
[White "Arlandi, Ennio"]
[Black "Caposciutti, Maurizio"]
[Result "1/2-1/2"]
[WhiteElo "2438"]
[BlackElo "2301"]
[PlyCount "83"]
[EventDate "2007.04.20"]
[EventType "team"]
[EventRounds "5"]
[EventCountry "ITA"]
[SourceTitle "CBM 117 Extra"]
[Source "ChessBase"]
[SourceDate "2007.05.09"]
[SourceVersion "1"]
[SourceVersionDate "2007.05.09"]
[SourceQuality "1"]

1. d4 Nf6 2. c4 a6 3. Nc3 c5 4. d5 b5 5. cxb5 axb5 6. Nxb5 Qa5+ 7. Nc3 Bb7 8. Bd2 Qb6 9. e4 e6 10. Bc4 Nxe4 11. dxe6 fxe6 12. Nxe4 Bxe4 13. Nf3 Be7 14. 0-0 Nc6 15. Bc3 d5 16. Bd3 0-0-0 17. Qe2 Bxf3 18. Qxe6+ Kb8 19. gxf3 Rd6 20. Qf7 Bf6 21. Rfe1 d4 22. Bd2 Ne5 23. Rxe5 Bxe5 24. Re1 Rf6 25. Qd5 Bd6 26. Be4 Ka7 27. Kh1 Re8 28. Qc4 Rb8 29. Rg1 g6 30. Bg5 Rff8 31. Qd5 Rbe8 32. Bh6 Re5 33. Qc4 Rh5 34. Qa4+ Kb8 35. Rxg6 hxg6 36. Bxf8 Bxf8 37. Qe8+ Kc7 38. Qf7+ Kb8 39. Qxf8+ Kc7 40. Qe7+ Kb8 41. Qe8+ Kc7 42. Qe7+ 1/2-1/2

[Event "Budapest FS11 GM"]
[Site "Budapest"]
[Date "2006.11.09"]
[Round "6"]
[White "Paschall, William M"]
[Black "Caposciutti, Maurizio"]
[Result "1-0"]
[WhiteElo "2374"]
[BlackElo "2333"]
[PlyCount "47"]
[EventDate "2006.11.04"]
[EventType "tourn"]
[EventRounds "9"]
[EventCountry "HUN"]
[EventCategory "7"]
[SourceTitle "EXT 2007"]
[Source "ChessBase"]
[SourceDate "2006.11.23"]
[SourceVersion "1"]
[SourceVersionDate "2006.11.23"]
[SourceQuality "1"]

1. d4 Nf6 2. c4 a6 3. Nf3 b5 4. Nbd2 e6 5. e4 bxc4 6. e5 Nd5 7. Nxc4 Nc6 8. Bd3 f5 9. a3 Bb7 10. h4 Qb8 11. g4 fxg4 12. Ng5 Qa7 13. Rg1 Qxd4 14. Rxg4 Qa7 15. Qf3 0-0-0 16. Nf7 Be7 17. Nxd8 Rxd8 18. Rxg7 Rf8 19. Qg3 h5 20. Be3 Nxe3 21. fxe3 Nxe5 22. Qxe5 Bxh4+ 23. Kd2 Bd5 24. Rf1 1-0

[Event "Budapest FS11 GM"]
[Site "Budapest"]
[Date "2006.11.08"]
[Round "5"]
[White "Caposciutti, Maurizio"]
[Black "Papp, Gellert"]
[Result "1/2-1/2"]
[WhiteElo "2333"]
[BlackElo "2324"]
[PlyCount "89"]
[EventDate "2006.11.04"]
[EventType "tourn"]
[EventRounds "9"]
[EventCountry "HUN"]
[EventCategory "7"]
[SourceTitle "EXT 2007"]
[Source "ChessBase"]
[SourceDate "2006.11.23"]
[SourceVersion "1"]
[SourceVersionDate "2006.11.23"]
[SourceQuality "1"]

1. Nf3 c5 2. c4 Nf6 3. g3 Nc6 4. d4 cxd4 5. Nxd4 Qb6 6. Nb3 Ne5 7. c5 Qc6 8. f3 b6 9. cxb6 e6 10. Nc3 Qxb6 11. Qd4 Qxd4 12. Nxd4 Bc5 13. Be3 Nc4 14. Bf2 Nxb2 15. Rb1 Bb4 16. Ndb5 Rb8 17. e4 Rxb5 18. Bxb5 Bxc3+ 19. Ke2 a6 20. Rhc1 axb5 21. Rxc3 Nc4 22. Rxb5 d5 23. Rb8 0-0 24. exd5 Nxd5 25. Rxc4 Ba6 26. Rxf8+ Kxf8 27. Kd3 e5 28. a3 Ke7 29. Bc5+ Ke6 30. Bf2 f5 31. a4 g5 32. f4 gxf4 33. gxf4 Nxf4+ 34. Kc3 Nd5+ 35. Kb3 Bxc4+ 36. Kxc4 Kd6 37. a5 Kc6 38. a6 Nb6+ 39. Kd3 Nd7 40. Ke2 Nf6 41. Kd3 Ng4 42. Bg1 e4+ 43. Kd4 Kb6 44. h3 Kxa6 45. hxg4 1/2-1/2

[Event "Budapest FS11 GM"]
[Site "Budapest"]
[Date "2006.11.04"]
[Round "1"]
[White "Wittmann, Walter"]
[Black "Caposciutti, Maurizio"]
[Result "1/2-1/2"]
[WhiteElo "2333"]
[BlackElo "2333"]
[PlyCount "37"]
[EventDate "2006.11.04"]
[EventType "tourn"]
[EventRounds "9"]
[EventCountry "HUN"]
[EventCategory "7"]
[SourceTitle "EXT 2007"]
[Source "ChessBase"]
[SourceDate "2006.11.23"]
[SourceVersion "1"]
[SourceVersionDate "2006.11.23"]
[SourceQuality "1"]

1. e4 c5 2. Nf3 Nc6 3. d4 cxd4 4. Nxd4 Nf6 5. Nc3 d6 6. Bc4 Qb6 7. Nxc6 bxc6 8. 0-0 e6 9. b3 Be7 10. Qe2 Nd7 11. Na4 Qc7 12. f4 0-0 13. Kh1 Bf6 14. Rb1 Bb7 15. Bd3 c5 16. Bb2 Bxb2 17. Nxb2 Rae8 18. Rbe1 g6 19. Nd1 1/2-1/2

[Event "Piacenza op 2nd"]
[Site "Piacenza"]
[Date "2006.10.22"]
[Round "5"]
[White "Caposciutti, Maurizio"]
[Black "Brancaleoni, Maurizio"]
[Result "1/2-1/2"]
[WhiteElo "2333"]
[BlackElo "2259"]
[PlyCount "31"]
[EventDate "2006.10.20"]
[EventType "swiss"]
[EventRounds "5"]
[EventCountry "ITA"]
[SourceTitle "EXT 2024"]
[Source "ChessBase"]
[SourceDate "2023.10.10"]
[SourceVersion "1"]
[SourceVersionDate "2023.10.10"]
[SourceQuality "1"]

1. e4 e6 2. d4 d5 3. Nc3 Nf6 4. Bg5 dxe4 5. Nxe4 Nbd7 6. Nxf6+ Nxf6 7. Nf3 c5 8. Bb5+ Bd7 9. Bxd7+ Qxd7 10. 0-0 cxd4 11. Qxd4 Qxd4 12. Nxd4 Rc8 13. c3 Bc5 14. Rad1 Ke7 15. Rfe1 Rhd8 16. Nb3 1/2-1/2

[Event "Piacenza op 2nd"]
[Site "Piacenza"]
[Date "2006.10.22"]
[Round "4"]
[White "Ficco, Corrado"]
[Black "Caposciutti, Maurizio"]
[Result "0-1"]
[WhiteElo "2185"]
[BlackElo "2333"]
[PlyCount "56"]
[EventDate "2006.10.20"]
[EventType "swiss"]
[EventRounds "5"]
[EventCountry "ITA"]
[SourceTitle "EXT 2024"]
[Source "ChessBase"]
[SourceDate "2023.10.10"]
[SourceVersion "1"]
[SourceVersionDate "2023.10.10"]
[SourceQuality "1"]

1. d4 Nf6 2. Nf3 c5 3. e3 e6 4. c4 a6 5. Nc3 d5 6. cxd5 exd5 7. dxc5 Bxc5 8. Be2 0-0 9. 0-0 Nc6 10. Nd4 Re8 11. a3 Qd6 12. b4 Ba7 13. Nxc6 bxc6 14. Bf3 h5 15. Bb2 Ng4 16. g3 Rxe3 17. fxe3 Nxe3 18. Qe2 Nxf1+ 19. Kxf1 Bh3+ 20. Ke1 Bd7 21. Kd2 Re8 22. Qg2 Be3+ 23. Kc2 Qg6+ 24. Kb3 d4 25. Ne4 Qe6+ 26. Kc2 Qc4+ 27. Kd1 Qd3+ 28. Nd2 Bxd2 0-1

[Event "Piacenza op 2nd"]
[Site "Piacenza"]
[Date "2006.10.21"]
[Round "3"]
[White "Caposciutti, Maurizio"]
[Black "Cecconi, Giovanni Alberto"]
[Result "1/2-1/2"]
[WhiteElo "2333"]
[BlackElo "2176"]
[PlyCount "39"]
[EventDate "2006.10.20"]
[EventType "swiss"]
[EventRounds "5"]
[EventCountry "ITA"]
[SourceTitle "EXT 2024"]
[Source "ChessBase"]
[SourceDate "2023.10.10"]
[SourceVersion "1"]
[SourceVersionDate "2023.10.10"]
[SourceQuality "1"]

1. Nf3 f5 2. d3 d6 3. e4 e5 4. Nc3 Nf6 5. Be2 Be7 6. exf5 Bxf5 7. d4 e4 8. Nh4 Be6 9. g4 Nd5 10. Nf5 Bxf5 11. Nxd5 Be6 12. Nf4 Bf7 13. Be3 0-0 14. Qd2 a5 15. a3 d5 16. Ng2 c5 17. dxc5 Nc6 18. c3 Ne5 19. 0-0-0 Qc7 20. Bd4 1/2-1/2

[Event "FRA-chT2C 0506"]
[Site "France"]
[Date "2006.04.01"]
[Round "11.2"]
[White "Erdos, Viktor"]
[Black "Caposciutti, Maurizio"]
[Result "0-1"]
[WhiteElo "2503"]
[BlackElo "2336"]
[PlyCount "76"]
[EventDate "2005.10.27"]
[EventType "team"]
[EventRounds "11"]
[EventCountry "FRA"]
[SourceTitle "EXT 2006"]
[Source "ChessBase"]
[SourceDate "2005.11.24"]
[SourceVersion "1"]
[SourceVersionDate "2005.11.24"]
[SourceQuality "1"]
[WhiteTeam "Marseille Duchamps"]
[BlackTeam "Cannes"]
[WhiteTeamCountry "FRA"]
[BlackTeamCountry "FRA"]

1. d4 Nf6 2. c4 a6 3. Nf3 b5 4. b3 e6 5. g3 Bb7 6. Bg2 c5 7. d5 exd5 8. Nh4 g6 9. cxd5 Bg7 10. Bb2 0-0 11. 0-0 Re8 12. Qc2 d6 13. e4 Nbd7 14. Nd2 Rc8 15. Rfe1 Nb6 16. Bf1 Rc7 17. Ng2 Bc8 18. f3 Bh3 19. Ne3 Bxf1 20. Ndxf1 c4 21. Rad1 Nfd7 22. Bxg7 Kxg7 23. Ng4 h5 24. Qc3+ Kh7 25. Nf2 cxb3 26. Qxb3 Qf6 27. f4 Qc3 28. Re3 Qxb3 29. axb3 a5 30. g4 Nf6 31. g5 Ng4 32. Nxg4 hxg4 33. Ng3 a4 34. e5 a3 35. Ne4 Nxd5 36. Rxd5 Rc1+ 37. Kf2 a2 38. Nf6+ Kh8 0-1

[Event "FRA-chT2C 0506"]
[Site "France"]
[Date "2006.03.11"]
[Round "8.3"]
[White "Caposciutti, Maurizio"]
[Black "Sanchez, Nicolas"]
[Result "1/2-1/2"]
[WhiteElo "2336"]
[BlackElo "2199"]
[PlyCount "106"]
[EventDate "2005.10.27"]
[EventType "team"]
[EventRounds "11"]
[EventCountry "FRA"]
[SourceTitle "EXT 2006"]
[Source "ChessBase"]
[SourceDate "2005.11.24"]
[SourceVersion "1"]
[SourceVersionDate "2005.11.24"]
[SourceQuality "1"]
[WhiteTeam "Cannes"]
[WhiteTeamCountry "FRA"]

1. Nf3 Nf6 2. c4 g6 3. b3 Bg7 4. Bb2 0-0 5. g3 d6 6. d4 Nc6 7. Bg2 Bf5 8. 0-0 Qd7 9. Nc3 Rfe8 10. d5 Nb4 11. Nd4 Bh3 12. Qd2 Bxg2 13. Kxg2 c5 14. Nf3 Qf5 15. a3 Na6 16. Qd3 Nc7 17. e4 Qd7 18. e5 Nh5 19. Rfe1 Rab8 20. a4 b6 21. h3 e6 22. exd6 Qxd6 23. Ne4 Qf8 24. Bxg7 Qxg7 25. d6 Rbd8 26. a5 f5 27. axb6 axb6 28. Nc3 Qf8 29. Red1 e5 30. Nxe5 Ne6 31. Qd5 Nf6 32. Qb7 Nd4 33. f4 Rxd6 34. Ra7 Rb8 35. Qc7 Rc8 36. Qb7 Rb8 37. Qc7 Rc8 38. Qf7+ Qxf7 39. Nxf7 Re6 40. Nh6+ Kf8 41. Rda1 Rd8 42. Nf7 Rd7 43. Rxd7 Nxd7 44. Ng5 Re3 45. Nd5 Re2+ 46. Kf1 h6 47. Nf3 Rb2 48. Nxd4 cxd4 49. b4 Rc2 50. Ra8+ Kf7 51. Ra7 Ke6 52. Nc7+ Ke7 53. Nd5+ Ke6 1/2-1/2

[Event "FRA-chT2C 0506"]
[Site "France"]
[Date "2005.11.20"]
[Round "3.3"]
[White "Caposciutti, Maurizio"]
[Black "Dussol, Pierre"]
[Result "1-0"]
[WhiteElo "2328"]
[BlackElo "2272"]
[PlyCount "89"]
[EventDate "2005.10.27"]
[EventType "team"]
[EventRounds "11"]
[EventCountry "FRA"]
[SourceTitle "EXT 2006"]
[Source "ChessBase"]
[SourceDate "2005.11.24"]
[SourceVersion "1"]
[SourceVersionDate "2005.11.24"]
[SourceQuality "1"]
[WhiteTeam "Cannes"]
[BlackTeam "Echiquier Palavasien et Setois"]
[WhiteTeamCountry "FRA"]
[BlackTeamCountry "FRA"]

1. Nf3 d6 2. d4 Nf6 3. Nc3 Nbd7 4. e4 e5 5. Bc4 Be7 6. 0-0 0-0 7. Qe2 exd4 8. Nxd4 Ne5 9. Bf4 Nxc4 10. Qxc4 c5 11. Nde2 Be6 12. Qd3 d5 13. e5 Nh5 14. Rad1 d4 15. Ne4 h6 16. N4g3 Bg4 17. f3 Nxg3 18. Nxg3 Be6 19. Nf5 Bg5 20. Bg3 Qd5 21. f4 Bxf5 22. Qxf5 Be7 23. a3 f6 24. Qg6 f5 25. Qh5 c4 26. Rfe1 Bc5 27. Bf2 Rae8 28. Qf3 Qxf3 29. gxf3 Rd8 30. e6 Rfe8 31. c3 Bb6 32. cxd4 Rd5 33. Re5 Rxe5 34. fxe5 Rxe6 35. f4 g5 36. d5 Re8 37. Bxb6 axb6 38. e6 Kf8 39. d6 Ra8 40. Rd5 Ke8 41. Rxf5 Rd8 42. Rd5 gxf4 43. Kf2 Ra8 44. Kf3 Kd8 45. Rh5 1-0

[Event "FRA-chT2 0304a"]
[Site "France"]
[Date "2004.01.18"]
[Round "6.2"]
[White "Caposciutti, Maurizio"]
[Black "Rodriguez Cespedes, Amador"]
[Result "0-1"]
[WhiteElo "2313"]
[BlackElo "2464"]
[PlyCount "44"]
[EventDate "2003.10.??"]
[EventType "team"]
[EventRounds "11"]
[EventCountry "FRA"]
[SourceTitle "EXT 2005"]
[Source "ChessBase"]
[SourceDate "2004.11.15"]
[SourceVersion "1"]
[SourceVersionDate "2004.11.15"]
[SourceQuality "1"]
[WhiteTeam "Echiquier Nicois II"]
[BlackTeam "Avignon"]
[WhiteTeamCountry "FRA"]
[BlackTeamCountry "FRA"]

1. Nf3 Nf6 2. c4 b6 3. g3 c5 4. Bg2 Bb7 5. 0-0 g6 6. b3 Bg7 7. Bb2 0-0 8. Nc3 Na6 9. e3 d5 10. d3 dxc4 11. bxc4 Nb4 12. Ne1 Bxg2 13. Kxg2 Qd7 14. a3 Nc6 15. Qe2 Rfd8 16. Rd1 a6 17. f4 b5 18. Nf3 Rab8 19. e4 Nd4 20. Nxd4 cxd4 21. Nd5 bxc4 22. dxc4 Nxd5 0-1

[Event "FRA-chT2S"]
[Site "France"]
[Date "2002.12.08"]
[Round "4.2"]
[White "Caposciutti, Maurizio"]
[Black "Etchegaray, Patrice"]
[Result "1/2-1/2"]
[WhiteElo "2338"]
[BlackElo "2347"]
[PlyCount "46"]
[EventDate "2002.10.??"]
[EventType "team"]
[EventRounds "11"]
[EventCountry "FRA"]
[SourceTitle "EXT 2004"]
[Source "ChessBase"]
[SourceDate "2003.11.25"]
[SourceVersion "1"]
[SourceVersionDate "2003.11.25"]
[SourceQuality "1"]

1. Nf3 Nc6 2. d4 d5 3. c4 Bg4 4. cxd5 Bxf3 5. dxc6 Bxc6 6. Nc3 Nf6 7. f3 e5 8. dxe5 Nd7 9. e4 Nxe5 10. Be3 Bb4 11. Qb3 a5 12. a3 Be7 13. Be2 Nd3+ 14. Kf1 Bc5 15. Rd1 Bxe3 16. Rxd3 Qg5 17. Nd5 Bb6 18. Nxb6 cxb6 19. Qxb6 0-0 20. Qe3 Qe5 21. Qd4 Qg5 22. Qe3 Qe5 23. Qd4 Qg5 1/2-1/2

[Event "Clichy 14th"]
[Site "Clichy"]
[Date "2002.??.??"]
[Round "7"]
[White "Caposciutti, Maurizio"]
[Black "Mrdja, Milan"]
[Result "1-0"]
[WhiteElo "2353"]
[BlackElo "2399"]
[PlyCount "81"]
[EventDate "2002.03.09"]
[EventType "tourn"]
[EventRounds "9"]
[EventCountry "FRA"]
[EventCategory "4"]
[SourceTitle "CBM 087 Extra"]
[Source "ChessBase"]
[SourceDate "2002.05.03"]
[SourceVersion "2"]
[SourceVersionDate "2002.08.09"]
[SourceQuality "1"]

1. e4 c5 2. Nf3 d6 3. d4 cxd4 4. Nxd4 Nf6 5. Nc3 a6 6. Be3 e6 7. f3 b5 8. g4 h6 9. Qd2 Bb7 10. 0-0-0 Nbd7 11. h4 b4 12. Na4 Qa5 13. b3 Nc5 14. a3 Rc8 15. Qxb4 Qc7 16. Kb1 Ncd7 17. Qd2 d5 18. Bh3 dxe4 19. g5 hxg5 20. hxg5 Nd5 21. Bxe6 Rxh1 22. Bxd7+ Qxd7 23. Rxh1 exf3 24. Bf2 Qg4 25. Re1+ Be7 26. c4 Qf4 27. Qa5 Qc7 28. Qxc7 Nxc7 29. Nc5 Ba8 30. Nf5 Ne6 31. Nxe6 fxe6 32. Rxe6 Rc7 33. g6 Bb7 34. Nxg7+ Kd7 35. Re1 Bc5 36. Ne8 Bxf2 37. g7 Bxe1 38. g8Q Rc6 39. Qf7+ Kc8 40. c5 Bg3 41. Qxf3 1-0

[Event "Clichy 14th"]
[Site "Clichy"]
[Date "2002.??.??"]
[Round "5"]
[White "Caposciutti, Maurizio"]
[Black "Vachier Lagrave, Maxime"]
[Result "1/2-1/2"]
[WhiteElo "2353"]
[BlackElo "2278"]
[PlyCount "46"]
[EventDate "2002.03.09"]
[EventType "tourn"]
[EventRounds "9"]
[EventCountry "FRA"]
[EventCategory "4"]
[SourceTitle "CBM 087 Extra"]
[Source "ChessBase"]
[SourceDate "2002.05.03"]
[SourceVersion "2"]
[SourceVersionDate "2002.08.09"]
[SourceQuality "1"]

1. e4 c5 2. Nf3 Nc6 3. d4 cxd4 4. Nxd4 Nf6 5. Nc3 e5 6. Nf5 d5 7. exd5 Bxf5 8. dxc6 Qxd1+ 9. Nxd1 bxc6 10. Ne3 Bg6 11. Bd3 Bxd3 12. cxd3 0-0-0 13. Ke2 Bb4 14. a3 Ba5 15. Nc4 Bc7 16. Be3 Kb7 17. Rac1 Nd5 18. Rc2 Rhe8 19. g3 f5 20. Rhc1 Re6 21. Bg5 Rd7 22. Bd2 g6 23. b4 Bb6 1/2-1/2

[Event "FRA-chT"]
[Site "France"]
[Date "2001.04.29"]
[Round "9.5"]
[White "Adrian, Claude"]
[Black "Caposciutti, Maurizio"]
[Result "1/2-1/2"]
[WhiteElo "2381"]
[BlackElo "2355"]
[PlyCount "36"]
[EventDate "2001.02.02"]
[EventType "team"]
[EventRounds "11"]
[EventCountry "FRA"]
[SourceTitle "EXT 2002"]
[Source "ChessBase"]
[SourceDate "2001.11.25"]
[SourceVersion "1"]
[SourceVersionDate "2001.11.25"]
[SourceQuality "1"]
[WhiteTeam "Nancy"]
[BlackTeam "Echiquier Nicois"]
[WhiteTeamCountry "FRA"]
[BlackTeamCountry "FRA"]

1. Nf3 e6 2. c4 b6 3. g3 Bb7 4. d4 f5 5. Bg2 Nf6 6. 0-0 g6 7. Nc3 Bg7 8. d5 Na6 9. Rb1 Nc5 10. b4 Nfe4 11. Nxe4 Nxe4 12. Bb2 0-0 13. Qb3 Bxb2 14. Rxb2 Qf6 15. e3 a5 16. dxe6 axb4 17. exd7 Nc5 18. Qc2 Be4 1/2-1/2

[Event "Maitre de la Cote d'Azur"]
[Site "Cannes"]
[Date "2001.02.12"]
[Round "10"]
[White "Caposciutti, Maurizio"]
[Black "Bujisho, Benjamin"]
[Result "0-1"]
[WhiteElo "2355"]
[BlackElo "2368"]
[PlyCount "120"]
[EventDate "2001.02.??"]
[EventType "tourn"]
[EventRounds "10"]
[EventCountry "FRA"]
[EventCategory "1"]
[SourceTitle "EXT 2003"]
[Source "ChessBase"]
[SourceDate "2002.11.25"]
[SourceVersion "1"]
[SourceVersionDate "2002.11.25"]
[SourceQuality "1"]

1. e4 e5 2. Nf3 Nc6 3. Bc4 Bc5 4. c3 Nf6 5. d3 d6 6. 0-0 Bb6 7. Bb3 Bg4 8. Nbd2 a6 9. Re1 h6 10. Nc4 Ba7 11. Be3 0-0 12. Bxa7 Rxa7 13. Ne3 Bh5 14. Nf5 Ra8 15. Ng3 Bg4 16. h3 Bd7 17. d4 Re8 18. dxe5 dxe5 19. Nh4 Na5 20. Bc2 Nc4 21. Bb3 Nd6 22. Qf3 a5 23. Rad1 a4 24. Bc2 Qe7 25. Nhf5 Nxf5 26. Nxf5 Bxf5 27. exf5 c6 28. Rd2 Ra5 29. g3 Qc7 30. Kg2 Qb6 31. Be4 Rb5 32. Ree2 Rd8 33. Rxd8+ Qxd8 34. Bd3 Rd5 35. Bc4 Rc5 36. b3 b5 37. Qe3 Qe7 38. Bd3 axb3 39. axb3 Rxc3 40. Qd2 Rxb3 41. Qc2 Ra3 42. Be4 Ra4 43. Qxc6 Rxe4 44. Rxe4 Nxe4 45. Qxe4 Qc5 46. Qa8+ Kh7 47. Qb7 Qc4 48. g4 b4 49. f3 b3 50. h4 h5 51. Kh3 hxg4+ 52. fxg4 Qd3+ 53. Kg2 Qe2+ 54. Kg3 Qc4 55. Kh3 e4 56. g5 Qd3+ 57. Kg2 Qe2+ 58. Kh3 Qf3+ 59. Kh2 Qf4+ 60. Kg2 Qg4+ 0-1

[Event "FRA-chT"]
[Site "France"]
[Date "2001.02.03"]
[Round "2.7"]
[White "Caposciutti, Maurizio"]
[Black "Guadalpi, David"]
[Result "1-0"]
[WhiteElo "2355"]
[BlackElo "2282"]
[PlyCount "59"]
[EventDate "2001.02.02"]
[EventType "team"]
[EventRounds "11"]
[EventCountry "FRA"]
[SourceTitle "EXT 2002"]
[Source "ChessBase"]
[SourceDate "2001.11.25"]
[SourceVersion "1"]
[SourceVersionDate "2001.11.25"]
[SourceQuality "1"]
[WhiteTeam "Echiquier Nicois"]
[BlackTeam "Orange"]
[WhiteTeamCountry "FRA"]
[BlackTeamCountry "FRA"]

1. Nf3 g6 2. d4 Nf6 3. c4 Bg7 4. g3 0-0 5. Bg2 d6 6. 0-0 c6 7. Nc3 Qa5 8. e4 e5 9. h3 Nbd7 10. Re1 exd4 11. Nxd4 Re8 12. Rb1 Ne5 13. Bf1 Be6 14. b4 Qc7 15. f4 Nh5 16. fxe5 Nxg3 17. Bf4 Nxf1 18. exd6 Qb6 19. c5 Qa6 20. Rxf1 Bxh3 21. e5 Bxe5 22. Bxe5 Rxe5 23. Rf4 Rae8 24. Qd2 Rg5+ 25. Kh1 b5 26. Re1 Qc8 27. Rxe8+ Qxe8 28. Ne4 Bg2+ 29. Qxg2 Qe5 30. Qxg5 1-0